000 00296nam a22001337a 4500
008 180205b xxu||||| |||| 00| 0 eng d
020 _a9781571746801
041 _aeng
080 _a2
100 _a24
101 _aTEO
245 _aJesus, buddha krishna& lao tzu
_cHooper,R
942 _2udc
_cBK
999 _c41769
_d41769